000 01323 a2200241 4500
001 44
005 20260407155405.0
008 260407a2002 arg spa d
003 AR-UNSa-BCEJYS
040 _aAR-UNSa-BCEJYS
_bspa
_cAR-UNSa-BCEJYS
080 _a510
_xConsideraciones fundamentales y generales de las matemáticas
245 1 0 _aMatemáticas aplicadas
_pa la administración y a la economía
020 _a978-968-444-437-9
250 _a4a. ed.
264 1 _aMéxico :
_bPearson Educación
_c2002
300 _axiv, 842 p.
_c25 cm
505 _a1. Repaso de álgebra - 2. Ecuaciones de una variable - 3. Desigualdades - 4. Líneas rectas - 5. Funciones y gráficas - 6. Logaritmos y exponenciales - 7. Progresiones y matemáticas financieras - 8. Algebra de matrices - 9. Inversas y determinantes - 10. Programación lineal - 11. La derivada - 12. Cálculo de derivadas - 13. Optimización y bosquejo de curvas - 14. Más sobre derivadas - 15. Integración - 16. La integral definida - 17. Funciones de varias variables
942 _cBK
590 _aniveau_biblio:m niveau_hierar:0
100 1 _aArya, Jagdish C.
700 1 _aLardner, Robin W.
856 4 1 _uhttps://biblioeco.unsa.edu.ar/pmb/images/libros/Matem?ticas Aplicadas a la administraci?n y a la econom?a(4a ed).jpg
_yImagen de portada
_qimage/jpeg
999 _c35
_d35